| Tag |
First Indicator |
Second Indicator |
Subfields |
| LEADER |
00000cam a2200000 i 4500 |
| 001 |
in00000041504 |
| 005 |
20151007074558.0 |
| 008 |
800612s1979 coua c 00110 eng d |
| 035 |
|
|
|a (OCoLC)06411282
|
| 035 |
|
|
|9 AAF1754AM
|
| 040 |
|
|
|a TXA
|c TXA
|d UtOrBLW
|
| 043 |
|
|
|a n-us-co
|
| 049 |
|
|
|a TXAM
|c [1243627]
|
| 090 |
|
|
|a TJ810
|b .T7
|
| 100 |
1 |
|
|a Tryon, Vernon M.
|
| 245 |
1 |
0 |
|a Colorado solar and energy conservation projects catalog /
|c by Vernon M. Tryon.
|
| 264 |
|
1 |
|a Eaton, Colo. :
|b Solar Energy Educational Service,
|c 1979.
|
| 300 |
|
|
|a 88 pages :
|b illustrations ;
|c 28 cm.
|
| 336 |
|
|
|a text
|b txt
|2 rdacontent
|
| 337 |
|
|
|a unmediated
|b n
|2 rdamedia
|
| 338 |
|
|
|a volume
|b nc
|2 rdacarrier
|
| 500 |
|
|
|a Cover title.
|
| 500 |
|
|
|a "Prepared for the Colorado Office of Energy Conservation, the Colorado Solar Energy Association, the Colorado Coalition for Full Employment, and the Center for Renewable Resources, Washington, D.C."
|
| 500 |
|
|
|a Includes index.
|
| 650 |
|
0 |
|a Solar energy
|z Colorado
|x Catalogs.
|
| 650 |
|
0 |
|a Energy conservation
|z Colorado
|x Catalogs.
|
| 710 |
1 |
|
|a Colorado.
|b Office of Energy Conservation.
|
| 999 |
|
|
|a MARS
|
| 999 |
f |
f |
|s 984e41a6-9448-3295-ba6e-7f2b3405d64f
|i 5d494091-69c8-306d-9c9e-9b31511a1c33
|t 0
|
| 952 |
f |
f |
|p ric
|a Texas A&M University
|b Rellis Campus
|c Joint Library Facility
|d Remote Storage
|t 0
|e TJ810 .T7
|h Library of Congress classification
|i unmediated -- volume
|m A14805444581
|
| 998 |
f |
f |
|a TJ810 .T7
|t 0
|l Remote Storage
|